| 000 | 00499nam a2200181Ia 4500 | ||
|---|---|---|---|
| 003 | OSt | ||
| 005 | 20200622100105.0 | ||
| 008 | 190216s9999||||xx |||||||||||||| ||und|| | ||
| 020 | _a9780521540810 | ||
| 040 | _coclc | ||
| 082 |
_a954.035 _bSTE/C |
||
| 100 |
_aStern, Robert W _93085 |
||
| 245 | 0 |
_aChanging India / _cRobert W Stern |
|
| 260 |
_bCambridge Uty Press, _c2003. _aUK: |
||
| 300 | _a250p | ||
| 650 | _aHistory | ||
| 942 |
_cBK _2ddc _h954.035 _iSTE/C _k954.035 _mSTE/C |
||
| 999 |
_c20928 _d20928 |
||